00637 2200241 4500001002100000005001700021008004100038020001800079035002400097082001000121090002200131100002300153245004100176250001100217260003100228300002500259500003100284650002200315850001600337980001400353985000600367999002200373YOGYA-0209000004614320090227031112.0 ind  a979-21-1180-8 0010-020900000046143 a632.8 a632.8bAki VlDEP aAKIN, Hasriadi Mat aVirologi tumbuhancHasriadi Mat Akin aCet. 1 aYogyakartabKanisiusc2006 a187 hlmbilusc21 cm aBibliografi : hlm. 183-187 aVirologi tumbuhan aYOPDYOG (M) a27-6-2007 a1 aCB-D.11 2006-769h